مكتبة جامعة عجلون الوطنية

فهرس بحث المكتبة

Normal view MARC view
  • الاردن - تاريخ - جلالة الملك عبدالله الناثي ابن الحسين 1999 - خطابات

Entry Topical Term

Number of records used in: 1

001 - CONTROL NUMBER

  • control field: 56016

003 - CONTROL NUMBER IDENTIFIER

  • control field: JO-AjAnu

005 - DATE AND TIME OF LATEST TRANSACTION

  • control field: 20230606083201.0

008 - FIXED-LENGTH DATA ELEMENTS

  • fixed length control field: 230606|| aca||aabn | a|a d

040 ## - CATALOGING SOURCE

  • Original cataloging agency: JO-AjAnu
  • Transcribing agency: JO-AjAnu

150 ## - HEADING--TOPICAL TERM

  • Topical term or geographic name entry element: الاردن - تاريخ - جلالة الملك عبدالله الناثي ابن الحسين 1999 - خطابات

670 ## - SOURCE DATA FOUND

  • Source citation: Work cat.: (JO-AjAnu)28588: عبدالله الثاني إبن الحسين، ملك الآردن، 1999؛ اشراف الديوان الملكي الهاشمي؛ اعداد وتحرير بكر خازر المجالي؛ تنسيق منتهى العبداللات، تنسيق جنان ابو زياد، تنسيق زكي مقدادي, author 56015, الخطاب السامي لصاحب الجلالة الهاشمية الملك عبدالله الثاني ابن الحسبن المعظم، مج 14